000 00478nab a22001457 4500
003 ES-SlBCS
005 20210327224226.0
008 181204s2018 sp ||||| |||| 00| 0 spa d
040 _aES-SlBCS
_bspa
041 _aspa
100 1 _aMathew, Pampackal Thomas
_9114004
245 1 0 _aConocimiento indígena y preocupaciones ecológicas: Estudio desde la India
_cPampackal Thomas Mathew
773 0 _gNúm. 378, 2018, págs. 97-108
_tConcilium
_wRev134
_x0210-1041
942 _2lcc
_cAR
999 _c477389
_d477389